UC Sampdoria Squad 2022-2023 - Statistics

General Stats
  • This quiz has been taken 59 times
    54 since last reset
  • The average score is 20 of 40
Answer Stats
# Position Nation Player % Correct
1 GK Indonesia Emil Audero
100%
27 FW Italy Fabio Quagliarella
91%
11 MF Morocco Abdelhamid Sabiri
77%
8 MF Venezuela Tomás Rincón
74%
23 FW Italy Manolo Gabbiadini
71%
- GK Serbia Dejan Stanković
69%
14 MF England Ronaldo Vieira
69%
15 DF Gambia Omar Colley
66%
7 MF Serbia Filip Đuričić
63%
20 MF England Harry Winks
63%
3 DF Italy Tommaso Augello
63%
24 DF Poland Bartosz Bereszyński
60%
2 DF Argentina Bruno Amione
60%
37 MF Algeria Mehdi Léris
60%
30 GK Italy Nicola Ravaglia
60%
25 DF Italy Alex Ferrari
57%
10 FW Italy Francesco Caputo
57%
21 DF Colombia Jeison Murillo
54%
59 DF Italy Alessandro Zanoli
51%
17 DF Netherlands Bram Nuytinck
51%
99 FW Spain Jesé Rodríguez
51%
4 DF Germany Koray Günter
51%
10 FW Netherlands Sam Lammers
51%
29 DF Italy Nicola Murru
46%
13 DF Italy Andrea Conti
40%
4 MF Spain Gonzalo Villar
40%
9 FW Italy Manuel De Luca
40%
22 GK Slovenia Martin Turk
40%
28 MF Spain Gerard Yepes
37%
- GK Italy Marco Giampaolo
37%
26 MF Turkey Emirhan İlkhan
34%
80 MF France Michaël Cuisance
31%
22 GK Italy Nikita Contini
31%
5 MF Italy Valerio Verre
29%
34 FW Italy Daniele Montevago
26%
18 FW Argentina Ignacio Pussetto
26%
36 MF Italy Flavio Paoletti
23%
5 DF Greece Marios Ikonomou
23%
31 MF Italy Lorenzo Malagrida
20%
70 MF Italy Simone Trimboli
17%
No matching quizzes found
Score Distribution
Percent of People with Each Score
Percentile by Number Answered
Your Score History
You have not taken this quiz since the last reset